| 000 | 00591nam a2200193Ia 4500 | ||
|---|---|---|---|
| 999 |
_c11264 _d11264 |
||
| 003 | OSt | ||
| 005 | 20191221110434.0 | ||
| 008 | 190216s9999||||xx |||||||||||||| ||und|| | ||
| 020 | _a9780071078030 | ||
| 040 | _coclc | ||
| 082 |
_a338.5024658 _bGEE/M |
||
| 100 |
_aGeetika _9637 |
||
| 245 | 0 |
_aManagerial Economics / _cGeetika ; Piyali Ghosh ; Purba Roy Choudhury |
|
| 250 | _a2nd ed. | ||
| 260 |
_bTata Mcgraw Hill Publishing Company Ltd, _c2012. _aNew Delhi: |
||
| 300 | _a632p | ||
| 650 | _aEconomics | ||
| 942 |
_cBK _2ddc _h338.5024658 _iGEE/M _k338.5024658 _mGEE/M |
||